| 000 | 00525nam a2200193 a 4500 | ||
|---|---|---|---|
| 001 | 700 | ||
| 003 | CO-ViMGA | ||
| 008 | 141112s2004 ck r 000 u spa d | ||
| 040 |
_aCO-ViMGA _bspa _cCO-ViMGA |
||
| 082 | 0 | 4 | _a863.5 S154d |
| 100 | 1 |
_aSalinas, Pedro _948561 |
|
| 245 | 1 | 0 | _aEl defensor |
| 260 |
_aSantafé de Bogotá : _bNorma, _c1995 |
||
| 300 | _a309, 47 p | ||
| 490 | _aCara y cruz | ||
| 500 | _aEncuadernado con A propósito de Pedro Salinas y su obra. | ||
| 650 | 1 | 4 |
_aNOVELA ESPAÑOLA _9488 |
| 942 |
_2ddc _cBK |
||
| 999 |
_c12938 _d12938 |
||